书目信息 |
| 题名: |
Structural equation modeling in applied linguistics in the era of big data
|
|
| 作者: | 王天剑 , 王彦之 编著 | |
| 分册: | ||
| 出版信息: | 北京 科学出版社 2019.11 |
|
| 页数: | 171页 | |
| 开本: | 24cm | |
| 丛书名: | 大数据科学研究丛书 | |
| 单 册: | ||
| 中图分类: | H08 , TP391.92 | |
| 科图分类: | ||
| 主题词: | 应用语言学--ying yong yu yan xue--数据处理--系统建模--研究--英文 | |
| 电子资源: | ||
| ISBN: | 978-7-03-062949-4 | |
| 000 | 01252nam 2200289 450 | |
| 001 | 2058237553 | |
| 005 | 20201104161222.29 | |
| 010 | @a978-7-03-062949-4@dCNY92.00 | |
| 100 | @a20191203d2019 em y0chiy50 ba | |
| 101 | 0 | @aeng |
| 102 | @aCN@b110000 | |
| 105 | @aa a 000yy | |
| 200 | 1 | @aStructural equation modeling in applied linguistics in the era of big data@d= 大数据时代应用语言学研究中的结构方程建模@f王天剑, 王彦之编著@zchi |
| 210 | @a北京@c科学出版社@d2019.11 | |
| 215 | @a171页@c图@d24cm | |
| 225 | 2 | @a大数据科学研究丛书@Ada shu ju ke xue yan jiu cong shu |
| 320 | @a有书目 (第170-171页) | |
| 330 | @a本研究着重考察大数据时代应用语言学中的结构方程建模。本书属于统计学和语料库语言学交叉学科范畴, 着重考察三个方面: ①语料库大数据的特征 ; ②常用的语料库分析软件及其在语言数据提取中的应用 ; ③结构方程建模的概念和原理及其利用语料库数据建模的基本方法。 | |
| 410 | 0 | @12001 @a大数据科学研究丛书 |
| 510 | 1 | @a大数据时代应用语言学研究中的结构方程建模@zchi |
| 606 | 0 | @a应用语言学@Aying yong yu yan xue@x数据处理@x系统建模@x研究@x英文 |
| 690 | @aH08@v5 | |
| 690 | @aTP391.92@v5 | |
| 701 | 0 | @a王天剑@Awang tian jian@4编著 |
| 701 | 0 | @a王彦之@Awang yan zhi@4编著 |
| 801 | 0 | @aCN@b人天书店@c20201001 |
| 905 | @aZUCC@dH08@eW362 | |
| Structural equation modeling in applied linguistics in the era of big data= 大数据时代应用语言学研究中的结构方程建模/王天剑, 王彦之编著.-北京:科学出版社,2019.11 |
| 171页:图;24cm.-(大数据科学研究丛书) |
| ISBN 978-7-03-062949-4:CNY92.00 |
| 本研究着重考察大数据时代应用语言学中的结构方程建模。本书属于统计学和语料库语言学交叉学科范畴, 着重考察三个方面: ①语料库大数据的特征 ; ②常用的语料库分析软件及其在语言数据提取中的应用 ; ③结构方程建模的概念和原理及其利用语料库数据建模的基本方法。 |
| ● |
| 相关链接 |
|
|
|
正题名:Structural equation modeling in applied
索取号:H08/W362
 
预约/预借
| 序号 | 登录号 | 条形码 | 馆藏地/架位号 | 状态 | 备注 |
| 1 | 1477523 | 214775233 | 语言库209/209语言库 68排2列2层/ [索取号:H08/W362] | 在馆 | |
| 2 | 1477524 | 214775242 | 语言库209/209语言库 68排2列2层/ [索取号:H08/W362] | 在馆 |